000 00646nam a22001937a 4500
999 _c169660
_d169660
005 20191128115138.0
010 _aUR-10635
020 _c166.00
_a9789388736961
035 _aU-9190
037 _bDBAD/PUB
_a-
082 _a840.44
100 _aسہيل ا نجم
245 _aعکس مطا لعہ (ا د بی مضا مين)
_cسہيل ا نجم
246 _bAks-e-Mutala (Urdu)
_aby Suhail Anjum
260 _aDelhi
_bEducational Publishing House
_c2019 ء
270 _a3191,Vakil Street, Kucha Pandit,Lal Kuan,
_bDelhi
_e110006
_k01123216162
_l-
300 _a272 ص
_c22 Cm(Hb)
942 _2ddc
_cUR
_h840.44
_mس ہ ے